[Event "Isola del Sole op"]
[Site "Grado"]
[Date "2023.09.29"]
[Round "8"]
[White "Steadman, Michael VR"]
[Black "Patil, Harshal"]
[Result "1-0"]
[WhiteElo "2104"]
[BlackElo "2167"]
[PlyCount "79"]
[EventDate "2023.09.23"]
[EventType "swiss"]
[EventRounds "9"]
[EventCountry "ITA"]
[SourceTitle "EXT 2024"]
[Source "ChessBase"]
[SourceDate "2023.10.10"]
[SourceVersion "1"]
[SourceVersionDate "2023.10.10"]
[SourceQuality "1"]

1. e4 c6 2. d4 d5 3. e5 c5 4. Nf3 cxd4 5. Qxd4 Nc6 6. Qf4 e6 7. Bd3 Nb4 8. Nc3 Nxd3+ 9. cxd3 h6 10. Bd2 Bd7 11. 0-0 Ne7 12. h4 Nf5 13. h5 Be7 14. Qg4 Qb6 15. Rfc1 0-0 16. Rc2 Qa6 17. Ne1 f6 18. Bf4 Rac8 19. Re2 Rf7 20. Rc1 Rcf8 21. a3 Nd4 22. Re3 fxe5 23. Bxe5 Nc6 24. Nf3 Bc8 25. Rc2 Bc5 26. d4 Nxe5 27. Rxe5 Bd6 28. Nxd5 Bxe5 29. Nxe5 exd5 30. Rxc8 Rxf2 31. Ng6 Rf1+ 32. Kh2 Qd6+ 33. g3 Rd8 34. Qe6+ Kh7 35. Qxd6 Rxc8 36. Ne7 Rcf8 37. Qxd5 R1f2+ 38. Kh3 Rxb2 39. Qe4+ Kh8 40. Ng6+ 1-0

[Event "Isola del Sole op"]
[Site "Grado"]
[Date "2023.09.24"]
[Round "3"]
[White "Patil, Harshal"]
[Black "Sepehrkhoui, Ardeshir"]
[Result "1-0"]
[WhiteElo "2167"]
[BlackElo "2195"]
[PlyCount "89"]
[EventDate "2023.09.23"]
[EventType "swiss"]
[EventRounds "9"]
[EventCountry "ITA"]
[SourceTitle "EXT 2024"]
[Source "ChessBase"]
[SourceDate "2023.10.10"]
[SourceVersion "1"]
[SourceVersionDate "2023.10.10"]
[SourceQuality "1"]

1. d4 Nf6 2. c4 e6 3. g3 d5 4. Bg2 Be7 5. Nf3 0-0 6. 0-0 b6 7. cxd5 exd5 8. Nc3 Bb7 9. Bf4 Nbd7 10. Nb5 Ne8 11. Ne5 c6 12. Nc3 Nd6 13. Rc1 b5 14. e4 Nb6 15. exd5 cxd5 16. Nd3 a6 17. b3 Ne8 18. Nb1 Bd6 19. Bd2 Bc7 20. Qc2 a5 21. Nc5 Bc8 22. Nc3 Bd7 23. Nxd5 Nxd5 24. Bxd5 Bh3 25. Bxa8 Qxa8 26. Qe4 Qxe4 27. Nxe4 Bxf1 28. Kxf1 f5 29. Ng5 Rf6 30. f4 h6 31. Nf3 b4 32. Ne5 Rd6 33. Be3 Kf8 34. Ke2 a4 35. Nc6 axb3 36. axb3 Rd5 37. Rc5 Rd6 38. Rxf5+ Nf6 39. Nxb4 Rb6 40. Nd5 Rb5 41. Rxf6+ gxf6 42. Nxc7 Rxb3 43. f5 h5 44. h4 Ke7 45. Nd5+ 1-0

[Event "Brasschaat op"]
[Site "Brasschaat"]
[Date "2023.08.24"]
[Round "6"]
[White "Patil, Harshal"]
[Black "Engelaer, Maurice"]
[Result "1/2-1/2"]
[WhiteElo "2044"]
[BlackElo "1824"]
[PlyCount "96"]
[EventDate "2023.08.18"]
[EventType "swiss"]
[EventRounds "9"]
[EventCountry "BEL"]
[SourceTitle "EXT 2024"]
[Source "ChessBase"]
[SourceDate "2023.10.10"]
[SourceVersion "1"]
[SourceVersionDate "2023.10.10"]
[SourceQuality "1"]

1. d4 Nf6 2. c4 c5 3. d5 b5 4. cxb5 a6 5. bxa6 g6 6. g3 Bg7 7. Bg2 d6 8. Nc3 0-0 9. Nf3 Nxa6 10. 0-0 Qb6 11. Re1 Nc7 12. h3 Bb7 13. e4 Rfb8 14. Rb1 Nd7 15. Bg5 c4 16. Nd2 Ne5 17. Bf1 Nd3 18. Be3 Qa6 19. Nxc4 Nxe1 20. Nb6 Qa5 21. Nxa8 Rxa8 22. Qxe1 Ba6 23. Bxa6 Nxa6 24. Qd2 Nc5 25. b4 Bxc3 26. Qxc3 Qxa2 27. Re1 Nxe4 28. Qd4 Nf6 29. Bg5 Nxd5 30. Rd1 f6 31. Bh6 e6 32. Kg2 Qa4 33. Qg4 Kf7 34. Re1 Re8 35. Rb1 Qc6 36. Kg1 Rb8 37. Re1 Re8 38. Rb1 Qc2 39. Rc1 Qf5 40. Qd4 g5 41. Qa7+ Ne7 42. f4 Qxh3 43. fxg5 Qxg3+ 44. Kh1 fxg5 45. Rf1+ Kg6 46. Qd7 Qh3+ 47. Kg1 Qg3+ 48. Kh1 Qh3+ 1/2-1/2

[Event "Brasschaat op"]
[Site "Brasschaat"]
[Date "2023.08.19"]
[Round "1"]
[White "Baekelandt, Els"]
[Black "Patil, Harshal"]
[Result "0-1"]
[WhiteElo "1521"]
[BlackElo "2044"]
[PlyCount "60"]
[EventDate "2023.08.18"]
[EventType "swiss"]
[EventRounds "9"]
[EventCountry "BEL"]
[SourceTitle "EXT 2024"]
[Source "ChessBase"]
[SourceDate "2023.10.10"]
[SourceVersion "1"]
[SourceVersionDate "2023.10.10"]
[SourceQuality "1"]

1. d4 d5 2. c4 e6 3. e3 Nf6 4. Nf3 Bd6 5. Nc3 0-0 6. Bd3 c6 7. 0-0 Nbd7 8. e4 dxc4 9. Bxc4 e5 10. dxe5 Nxe5 11. Nxe5 Bxe5 12. Qxd8 Rxd8 13. Bg5 Rd4 14. Bxf6 Bxf6 15. Bb3 Rd2 16. Rab1 Be6 17. Bxe6 fxe6 18. Rfd1 Rad8 19. Rxd2 Rxd2 20. Kf1 Bd4 21. Nd1 e5 22. a3 a5 23. Ke1 Rc2 24. b4 a4 25. h3 Ra2 26. g3 Rxa3 27. Ke2 Ra2+ 28. Kf3 a3 29. Rb3 Rd2 30. Ne3 a2 0-1

[Event "Bruges Masters op"]
[Site "Bruges"]
[Date "2023.08.18"]
[Round "9"]
[White "Patil, Harshal"]
[Black "Bradbury, Neil H"]
[Result "1-0"]
[WhiteElo "2044"]
[BlackElo "2218"]
[PlyCount "83"]
[EventDate "2023.08.12"]
[EventType "swiss"]
[EventRounds "9"]
[EventCountry "BEL"]
[SourceTitle "CBM 215 Extra"]
[Source "ChessBase"]
[SourceDate "2023.09.30"]
[SourceVersion "1"]
[SourceVersionDate "2023.09.30"]
[SourceQuality "1"]

1. d4 Nf6 2. c4 e6 3. g3 c5 4. d5 exd5 5. cxd5 d6 6. Bg2 g6 7. Nf3 Bg7 8. Nc3 0-0 9. 0-0 Re8 10. Bf4 Na6 11. Re1 Nc7 12. e4 Nh5 13. Bg5 f6 14. Be3 b5 15. a3 a5 16. Nd2 b4 17. Na4 bxa3 18. g4 axb2 19. Rb1 f5 20. gxh5 Rb8 21. Nc4 Rb4 22. Nxa5 Qh4 23. Nc6 Rbxe4 24. Nxc5 dxc5 25. d6 Rg4 26. f3 Rxg2+ 27. Kxg2 f4 28. Ne7+ Kh8 29. Nxc8 fxe3 30. dxc7 Qf2+ 31. Kh1 Be5 32. Qe2 Qh4 33. Nb6 Bxc7 34. Qxb2+ Be5 35. Qg2 Bc3 36. Re2 Qxh5 37. Nc4 Qd5 38. Rxe3 Rxe3 39. Nxe3 Qd3 40. Rb8+ Kg7 41. Rb7+ Kf8 42. Qg5 1-0

[Event "Paracin op 16th"]
[Site "Paracin"]
[Date "2023.07.12"]
[Round "6"]
[White "Patil, Harshal"]
[Black "Wen, Teddie"]
[Result "1-0"]
[WhiteElo "1969"]
[BlackElo "2306"]
[PlyCount "54"]
[EventDate "2023.07.07"]
[EventType "swiss"]
[EventRounds "9"]
[EventCountry "SRB"]
[SourceTitle "EXT 2024"]
[Source "ChessBase"]
[SourceDate "2023.10.10"]
[SourceVersion "1"]
[SourceVersionDate "2023.10.10"]
[SourceQuality "1"]

1. d4 Nf6 2. c4 g6 3. g3 Bg7 4. Bg2 0-0 5. Nc3 d6 6. Nf3 c5 7. d5 e6 8. 0-0 Re8 9. dxe6 Bxe6 10. Ng5 Bxc4 11. Bxb7 Nbd7 12. Bxa8 Qxa8 13. Qxd6 h6 14. Nh3 g5 15. f3 Bxe2 16. Nxe2 Rxe2 17. Qd3 Qe8 18. Nf2 g4 19. fxg4 Qe6 20. Qf5 Qc6 21. Bf4 Nd5 22. Rae1 Rxb2 23. Re8+ Nf8 24. Rc8 Qb7 25. Rb8 Qc6 26. Rc8 Qb7 27. Rb8 Qc6 1-0

[Event "Paracin op 16th"]
[Site "Paracin"]
[Date "2023.07.11"]
[Round "5"]
[White "Itgelt, Khuyagtsogt"]
[Black "Patil, Harshal"]
[Result "1-0"]
[WhiteElo "2321"]
[BlackElo "1969"]
[PlyCount "69"]
[EventDate "2023.07.07"]
[EventType "swiss"]
[EventRounds "9"]
[EventCountry "SRB"]
[SourceTitle "EXT 2024"]
[Source "ChessBase"]
[SourceDate "2023.10.10"]
[SourceVersion "1"]
[SourceVersionDate "2023.10.10"]
[SourceQuality "1"]

1. d4 d5 2. c4 c6 3. Nf3 e6 4. Nbd2 f5 5. e3 Bd6 6. b3 Nf6 7. Bd3 0-0 8. 0-0 Ne4 9. Bb2 Nd7 10. Ne5 Nxe5 11. dxe5 Bb4 12. Nf3 Bd7 13. Nd4 c5 14. Nc2 dxc4 15. Bxe4 fxe4 16. Nxb4 cxb4 17. bxc4 Rc8 18. Qd4 b5 19. Rad1 bxc4 20. Qxd7 Qxd7 21. Rxd7 c3 22. Ba1 a5 23. Rd4 Rfd8 24. Rfd1 Rxd4 25. exd4 a4 26. Kf1 Kf7 27. Rc1 Rc4 28. a3 Rxd4 29. axb4 Rxb4 30. Bxc3 Rc4 31. Ke2 h5 32. Bd2 Rd4 33. Rc7+ Kg6 34. Re7 Kf5 35. Rxg7 1-0

[Event "Paracin op 16th"]
[Site "Paracin"]
[Date "2023.07.07"]
[Round "1"]
[White "Valiyev, Shahin"]
[Black "Patil, Harshal"]
[Result "1-0"]
[WhiteElo "2220"]
[BlackElo "1969"]
[PlyCount "55"]
[EventDate "2023.07.07"]
[EventType "swiss"]
[EventRounds "9"]
[EventCountry "SRB"]
[SourceTitle "EXT 2024"]
[Source "ChessBase"]
[SourceDate "2023.10.10"]
[SourceVersion "1"]
[SourceVersionDate "2023.10.10"]
[SourceQuality "1"]

1. e4 c6 2. d4 d5 3. Nc3 dxe4 4. Nxe4 Nf6 5. Nxf6+ exf6 6. Be3 Bd6 7. Bd3 0-0 8. Ne2 Re8 9. c4 Nd7 10. Qc2 Nf8 11. 0-0 Be6 12. Rad1 Qc7 13. h3 Rad8 14. c5 Bh2+ 15. Kh1 Bd5 16. Bc1 g5 17. f4 Bxf4 18. Nxf4 gxf4 19. Bxf4 Qd7 20. Kh2 Qe6 21. Bc7 Rc8 22. Bd6 Ng6 23. Qf2 Rcd8 24. Rde1 Qd7 25. Qxf6 Bxa2 26. Bf5 Be6 27. Bxg6 hxg6 28. Be5 1-0

[Event "Sitges Sunway op 9th"]
[Site "Sitges"]
[Date "2022.12.17"]
[Round "6"]
[White "Patil, Harshal"]
[Black "Kholopov, Alexander A"]
[Result "0-1"]
[WhiteElo "1928"]
[BlackElo "2146"]
[PlyCount "89"]
[EventDate "2022.12.12"]
[EventType "swiss"]
[EventRounds "10"]
[EventCountry "ESP"]
[SourceTitle "CBM 211 Extra"]
[Source "ChessBase"]
[SourceDate "2023.01.31"]
[SourceVersion "1"]
[SourceVersionDate "2023.01.31"]
[SourceQuality "1"]

1. d4 Nf6 2. c4 e6 3. g3 c5 4. d5 exd5 5. cxd5 d6 6. Bg2 g6 7. Nc3 Bg7 8. Nf3 0-0 9. Bf4 Na6 10. Nd2 Nh5 11. Be3 Nc7 12. a4 b6 13. 0-0 a6 14. Nc4 Rb8 15. Qd2 Qe7 16. Bg5 f6 17. Bh6 Bxh6 18. Qxh6 Rd8 19. Bf3 Ng7 20. Rad1 Bd7 21. Qf4 Nce8 22. Rfe1 Nf5 23. Bg4 g5 24. Qe4 Qxe4 25. Nxe4 Nd4 26. Bh5 Bxa4 27. Rc1 Kg7 28. Bxe8 Bxe8 29. Ncxd6 Bg6 30. g4 Bxe4 31. Nxe4 Rxd5 32. Kg2 Kg6 33. e3 Nc6 34. Ng3 Ne5 35. Ra1 a5 36. h3 Rd2 37. Ne4 Rxb2 38. Red1 Re8 39. Kg3 Re6 40. Nd6 h5 41. Nf5 Rb4 42. f4 h4+ 43. Kf2 gxf4 44. Rd8 fxe3+ 45. Kxe3 0-1

[Event "Sitges Sunway op 9th"]
[Site "Sitges"]
[Date "2022.12.15"]
[Round "4"]
[White "Patil, Harshal"]
[Black "Cherniack, Alex"]
[Result "0-1"]
[WhiteElo "1928"]
[BlackElo "2188"]
[PlyCount "74"]
[EventDate "2022.12.12"]
[EventType "swiss"]
[EventRounds "10"]
[EventCountry "ESP"]
[SourceTitle "CBM 211 Extra"]
[Source "ChessBase"]
[SourceDate "2023.01.31"]
[SourceVersion "1"]
[SourceVersionDate "2023.01.31"]
[SourceQuality "1"]

1. d4 Nf6 2. c4 g6 3. g3 Bg7 4. Bg2 d5 5. Nf3 0-0 6. 0-0 dxc4 7. Na3 c3 8. bxc3 c5 9. Rb1 Nc6 10. Ne5 cxd4 11. Nxc6 bxc6 12. cxd4 Bf5 13. Rb4 Rc8 14. Rc4 Qd7 15. Re1 Rfd8 16. Bd2 Bh3 17. Bf3 Be6 18. Ra4 Nd5 19. Nc4 Bxd4 20. Ba5 Nb6 21. Bxb6 axb6 22. e3 b5 23. exd4 Bxc4 24. Ra6 e6 25. Re4 c5 26. a4 b4 27. Rb6 Qa7 28. a5 Qxa5 29. Rb7 Bd5 30. Re5 Bxb7 31. Bxb7 Rc7 32. Be4 Qb6 33. d5 f6 34. Qg4 fxe5 35. Bxg6 Rg7 36. Qh4 Rxg6 37. Qxd8+ Qxd8 0-1

[Event "Sitges Sunway op 9th"]
[Site "Sitges"]
[Date "2022.12.14"]
[Round "3"]
[White "Newrkla, Katharina"]
[Black "Patil, Harshal"]
[Result "1-0"]
[WhiteElo "2265"]
[BlackElo "1928"]
[PlyCount "57"]
[EventDate "2022.12.12"]
[EventType "swiss"]
[EventRounds "10"]
[EventCountry "ESP"]
[SourceTitle "CBM 211 Extra"]
[Source "ChessBase"]
[SourceDate "2023.01.31"]
[SourceVersion "1"]
[SourceVersionDate "2023.01.31"]
[SourceQuality "1"]

1. e4 c6 2. d4 d5 3. e5 c5 4. dxc5 e6 5. Nf3 Bxc5 6. Bd3 Ne7 7. 0-0 Qc7 8. a3 Nd7 9. b4 Bb6 10. Bb2 a5 11. Nc3 Nc6 12. Nb5 Qb8 13. Nd6+ Kf8 14. c4 dxc4 15. Nxc4 Bc7 16. Be4 g6 17. b5 Ne7 18. Qd2 Kg7 19. Qf4 Rf8 20. Rad1 Ng8 21. a4 h6 22. Ba3 Rd8 23. h4 Qa7 24. h5 Nc5 25. hxg6 fxg6 26. Rxd8 Bxd8 27. Bxc5 Qxc5 28. Nd6 Qc7 29. Ne8+ 1-0

[Event "Paracin Orbis FM 02"]
[Site "Paracin"]
[Date "2022.02.03"]
[Round "5"]
[White "Patil, Harshal"]
[Black "Cvetanovic, Uros"]
[Result "0-1"]
[WhiteElo "1890"]
[BlackElo "2248"]
[PlyCount "92"]
[EventDate "2022.01.31"]
[EventType "tourn"]
[EventRounds "9"]
[EventCountry "SRB"]
[SourceTitle "EXT 2023"]
[Source "ChessBase"]
[SourceDate "2022.10.05"]
[SourceVersion "1"]
[SourceVersionDate "2022.10.05"]
[SourceQuality "1"]

1. d4 Nf6 2. c4 e6 3. Nf3 Bb4+ 4. Bd2 Qe7 5. e3 Bxd2+ 6. Qxd2 d6 7. Bd3 e5 8. Bc2 Bg4 9. Nc3 Bxf3 10. gxf3 exd4 11. Qxd4 Nc6 12. Ba4 0-0 13. Bxc6 bxc6 14. Rg1 g6 15. h4 Rfe8 16. 0-0-0 Qe5 17. Rg5 Qxd4 18. Rxd4 a5 19. c5 h6 20. Rg1 d5 21. Rgd1 Re5 22. Ra4 Rf5 23. f4 Ng4 24. Rd2 Rh5 25. b4 Rxh4 26. Kd1 Rh2 27. Ke1 h5 28. f3 Rh1+ 29. Ke2 Nh6 30. Kd3 h4 31. Rd1 Rh3 32. Rf1 Nf5 33. bxa5 Ra6 34. Ne2 Rh2 35. e4 Ne7 36. Rg1 Rh3 37. Ke3 dxe4 38. Kxe4 Nd5 39. Ra3 Ra8 40. a6 Rh2 41. Re1 Nb4 42. a7 Re8+ 43. Kd4 Nc2+ 44. Kd3 Nxa3 45. Nd4 Ra8 46. f5 Nb5 0-1

[Event "Paracin Orbis FM 02"]
[Site "Paracin"]
[Date "2022.02.02"]
[Round "4"]
[White "Mohamed, Saeed Laily"]
[Black "Patil, Harshal"]
[Result "0-1"]
[WhiteElo "2055"]
[BlackElo "1890"]
[PlyCount "120"]
[EventDate "2022.01.31"]
[EventType "tourn"]
[EventRounds "9"]
[EventCountry "SRB"]
[SourceTitle "EXT 2023"]
[Source "ChessBase"]
[SourceDate "2022.10.05"]
[SourceVersion "1"]
[SourceVersionDate "2022.10.05"]
[SourceQuality "1"]

1. d4 d5 2. Bf4 c5 3. dxc5 Nc6 4. Nf3 e6 5. e3 Bxc5 6. Bd3 f6 7. Nfd2 Nge7 8. Nb3 Bb6 9. Nc3 e5 10. Bg3 Be6 11. e4 dxe4 12. Nxe4 Nf5 13. c3 Qe7 14. Qc2 g6 15. 0-0-0 Rc8 16. Kb1 Nb4 17. Bb5+ Kf7 18. Qe2 Nd5 19. Rc1 a6 20. Bc4 Nf4 21. Bxe6+ Nxe6 22. Rhf1 Rhd8 23. Rfd1 Qc7 24. Qf3 Qc6 25. Bh4 Rxd1 26. Rxd1 Bd8 27. Bg3 Be7 28. Bxe5 fxe5 29. g4 Nf4 30. gxf5 gxf5 31. Ned2 Qxf3 32. Nxf3 Ke6 33. Re1 Nd3 34. Re3 e4 35. Nfd4+ Ke5 36. Rh3 Rg8 37. Rxh7 Rg1+ 38. Kc2 Bg5 39. h4 Ne1+ 40. Kd1 Bxh4 41. Ne2 Rf1 42. Ned4 Nd3+ 43. Kc2 Rxf2+ 44. Kd1 Nxb2+ 45. Kc1 Nd3+ 46. Kd1 Bg5 47. Rh5 Rg2 48. Rh8 Rxa2 49. Re8+ Kd5 50. Nxf5 Kc4 51. Nfd4 Kxc3 52. Rc8+ Kb4 53. Rc7 b5 54. Rc6 a5 55. Rb6 a4 56. Rxb5+ Kc4 57. Rxg5 axb3 58. Nf5 Kc3 59. Nd6 Ra1+ 60. Ke2 Re1# 0-1

[Event "Paracin Orbis FM 02"]
[Site "Paracin"]
[Date "2022.02.01"]
[Round "3"]
[White "Patil, Harshal"]
[Black "Talgatov, Nazar"]
[Result "1/2-1/2"]
[WhiteElo "1890"]
[BlackElo "1624"]
[PlyCount "93"]
[EventDate "2022.01.31"]
[EventType "tourn"]
[EventRounds "9"]
[EventCountry "SRB"]
[SourceTitle "EXT 2023"]
[Source "ChessBase"]
[SourceDate "2022.10.05"]
[SourceVersion "1"]
[SourceVersionDate "2022.10.05"]
[SourceQuality "1"]

1. e4 e5 2. Nf3 Nc6 3. Nc3 Nf6 4. d4 exd4 5. Nxd4 Bb4 6. Nxc6 bxc6 7. Bd3 0-0 8. 0-0 d5 9. exd5 cxd5 10. Bg5 c6 11. h3 Be7 12. Qf3 h6 13. Bd2 Nd7 14. Rfe1 Bg5 15. Rad1 Nc5 16. Bf1 Be6 17. b4 Nd7 18. b5 cxb5 19. Nxd5 Bxd2 20. Rxd2 Nb6 21. Nxb6 Qxd2 22. Rd1 Qxd1 23. Qxd1 axb6 24. Bxb5 Rxa2 25. Bd3 Rb8 26. Qf3 Ra5 27. Qe4 g6 28. Qf4 Rc8 29. Qxh6 Bf5 30. Qe3 Bxd3 31. cxd3 Rb8 32. Qf4 Raa8 33. Qb4 b5 34. g4 Ra4 35. Qd6 Rb7 36. Qd5 Raa7 37. h4 b4 38. Qb3 Rb6 39. h5 gxh5 40. gxh5 Ra5 41. h6 Rh5 42. Kf1 Rhxh6 43. Ke2 Rhf6 44. f3 Rfc6 45. Ke3 Kg7 46. Ke4 Rc3 47. Qb2 1/2-1/2

[Event "Paracin Orbis FM 01"]
[Site "Paracin"]
[Date "2022.01.30"]
[Round "9"]
[White "Patil, Harshal"]
[Black "Khalifah, Khaled"]
[Result "0-1"]
[WhiteElo "1890"]
[BlackElo "1909"]
[PlyCount "84"]
[EventDate "2022.01.24"]
[EventType "tourn"]
[EventRounds "9"]
[EventCountry "SRB"]
[SourceTitle "EXT 2023"]
[Source "ChessBase"]
[SourceDate "2022.10.05"]
[SourceVersion "1"]
[SourceVersionDate "2022.10.05"]
[SourceQuality "1"]

1. e4 c6 2. d4 d5 3. exd5 cxd5 4. c4 e6 5. Nc3 Nf6 6. Nf3 Nc6 7. c5 Be7 8. Bb5 Bd7 9. 0-0 0-0 10. Re1 Qc7 11. g3 b6 12. Na4 bxc5 13. Nxc5 Nxd4 14. Nxd7 Nxf3+ 15. Qxf3 Nxd7 16. Bf4 Qb7 17. Qe2 a6 18. Bd3 Bf6 19. Bd6 Rfc8 20. Rab1 Qc6 21. Ba3 Qb6 22. Qf3 Bd4 23. Re2 Ne5 24. Rxe5 Bxe5 25. Qh5 f5 26. Re1 Bf6 27. g4 g6 28. Qh6 Qd4 29. Rxe6 Qxg4+ 30. Kf1 Bg5 31. Rxg6+ hxg6 32. Qxg6+ Kh8 33. b3 Rf8 34. Bb2+ d4 35. Bxd4+ Qxd4 36. Qh5+ Kg7 37. Qxg5+ Kf7 38. Bc4+ Ke8 39. Qg6+ Kd8 40. Qh6 Rf6 41. Qh8+ Ke7 42. Qg7+ Kd6 0-1

[Event "Paracin Orbis FM 01"]
[Site "Paracin"]
[Date "2022.01.26"]
[Round "4"]
[White "Patil, Harshal"]
[Black "Mohamed, Saeed Laily"]
[Result "0-1"]
[WhiteElo "1890"]
[BlackElo "2055"]
[PlyCount "68"]
[EventDate "2022.01.24"]
[EventType "tourn"]
[EventRounds "9"]
[EventCountry "SRB"]
[SourceTitle "EXT 2023"]
[Source "ChessBase"]
[SourceDate "2022.10.05"]
[SourceVersion "1"]
[SourceVersionDate "2022.10.05"]
[SourceQuality "1"]

1. d4 d5 2. c4 e6 3. g3 Nf6 4. Bg2 Be7 5. Nf3 0-0 6. 0-0 c6 7. Nc3 Nbd7 8. Qd3 b6 9. cxd5 cxd5 10. Bf4 a6 11. a4 Bb7 12. Rfd1 Rc8 13. Ne5 h6 14. h3 Bb4 15. g4 Qe7 16. Qg3 g5 17. Bc1 Ne4 18. Bxe4 dxe4 19. Nxd7 Qxd7 20. h4 f6 21. Qe3 Qh7 22. Bd2 Bd6 23. Rac1 Qg6 24. h5 Qh7 25. d5 exd5 26. Qxb6 Qd7 27. Be3 Qxg4+ 28. Kf1 Qh3+ 29. Ke1 Bc6 30. Nxd5 Bxd5 31. Rxc8 Rxc8 32. Qd4 Bb3 33. f3 Qe6 34. Ra1 Bg3+ 0-1

[Event "Paracin Orbis FM 01"]
[Site "Paracin"]
[Date "2022.01.24"]
[Round "1"]
[White "Opacic, Alexandar"]
[Black "Patil, Harshal"]
[Result "0-1"]
[WhiteElo "1871"]
[BlackElo "1890"]
[PlyCount "100"]
[EventDate "2022.01.24"]
[EventType "tourn"]
[EventRounds "9"]
[EventCountry "SRB"]
[SourceTitle "EXT 2023"]
[Source "ChessBase"]
[SourceDate "2022.10.05"]
[SourceVersion "1"]
[SourceVersionDate "2022.10.05"]
[SourceQuality "1"]

1. e4 e5 2. Nf3 Nc6 3. Bb5 f5 4. Nc3 Nf6 5. d4 Nxd4 6. Nxd4 exd4 7. Qxd4 fxe4 8. Bg5 c6 9. Be2 d5 10. Bh5+ Kd7 11. 0-0-0 Be7 12. Bxf6 Bxf6 13. Qa4 b5 14. Rxd5+ cxd5 15. Qxb5+ Kd6 16. Nxd5 Bd4 17. Ne3 Be6 18. Rd1 Qb6 19. Qxb6+ axb6 20. Rxd4+ Ke5 21. Rb4 Rxa2 22. Rb5+ Kf6 23. Rxb6 Rd8 24. b3 Ke5 25. f4+ Kxf4 26. Kb1 Ra5 27. Nd1 Rxh5 28. Nc3 Bf7 29. Ne2+ Ke3 30. Ng3 Re5 31. Rb7 Bg6 32. Kb2 Kf2 33. b4 e3 34. Kb3 e2 35. Nxe2 Kxe2 36. c4 Re3+ 37. Ka4 Ra8+ 38. Kb5 Bd3 39. Rxg7 Re5+ 40. Kc6 Ra4 41. Kd6 Rh5 42. c5 Rxb4 43. c6 Rd4+ 44. Kc7 Rc4 45. Kb6 Rhc5 46. c7 Be4 47. g4 Rc6+ 48. Kb5 Rc1 49. Re7 Ke3 50. h4 Rxc7 0-1

[Event "Paracin op 01"]
[Site "Paracin"]
[Date "2022.01.22"]
[Round "8"]
[White "Grozdanovic, Anastasia"]
[Black "Patil, Harshal"]
[Result "0-1"]
[WhiteElo "2039"]
[BlackElo "1890"]
[PlyCount "102"]
[EventDate "2022.01.17"]
[EventType "swiss"]
[EventRounds "9"]
[EventCountry "SRB"]
[SourceTitle "CBM 206 Extra"]
[Source "ChessBase"]
[SourceDate "2022.03.31"]
[SourceVersion "1"]
[SourceVersionDate "2022.03.31"]
[SourceQuality "1"]

1. d4 Nf6 2. c4 e6 3. Nf3 c5 4. e3 b6 5. Nc3 Bb7 6. d5 exd5 7. cxd5 d6 8. Be2 g6 9. 0-0 Bg7 10. e4 0-0 11. Nd2 Re8 12. f4 Ba6 13. Bxa6 Nxa6 14. Qf3 Qd7 15. a4 Nb4 16. h3 a6 17. Nc4 Rab8 18. a5 b5 19. Nb6 Qe7 20. e5 Nd7 21. exd6 Qxd6 22. Ne4 Qe7 23. Nxd7 Qxd7 24. d6 Nc2 25. Rb1 Nd4 26. Qd3 c4 27. Qe3 Qc6 28. Kh1 Qxe4 29. Qxe4 Rxe4 30. Bd2 Rd8 31. Rfe1 Rxe1+ 32. Rxe1 Nf5 33. d7 Bf6 34. Re8+ Kg7 35. Bb4 h6 36. g4 Nh4 37. g5 hxg5 38. fxg5 Bxg5 39. Bc3+ Kh7 40. Bd2 Rxd7 41. Bxg5 Rd1+ 42. Kh2 Nf3+ 43. Kg3 Nxg5 44. h4 Ne6 45. Rb8 Rd3+ 46. Kf2 Rb3 47. Rb6 Rxb2+ 48. Ke3 Rb3+ 49. Kd2 c3+ 50. Kc1 Ra3 51. Rc6 Nd4 0-1

[Event "Maharashtra State-ch U25"]
[Site "Nasik"]
[Date "2018.08.11"]
[Round "5"]
[White "Patil, Harshal"]
[Black "Boramanikar, Tanisha S"]
[Result "1-0"]
[WhiteElo "1788"]
[BlackElo "1596"]
[PlyCount "91"]
[EventDate "2018.08.09"]
[EventType "swiss"]
[EventRounds "9"]
[EventCountry "IND"]
[SourceTitle "CBM 186 Extra"]
[Source "ChessBase"]
[SourceDate "2018.08.24"]
[SourceVersion "1"]
[SourceVersionDate "2018.08.24"]
[SourceQuality "1"]

1. Nf3 c5 2. g3 g6 3. Bg2 Bg7 4. d4 cxd4 5. Nxd4 Nf6 6. c4 0-0 7. Nc3 Nc6 8. Nc2 d6 9. 0-0 Ng4 10. e4 Nge5 11. Ne3 Be6 12. Ncd5 Na5 13. Qa4 Bxd5 14. cxd5 Rc8 15. Bh3 Rb8 16. f4 b5 17. Qd1 Nec4 18. Rb1 Qb6 19. Qd3 Bd4 20. Kf2 Nxe3 21. Bxe3 Bxe3+ 22. Qxe3 Nc4 23. Qxb6 Rxb6 24. Ke2 Rb7 25. b3 Nb6 26. Rbc1 f5 27. Kd3 Kg7 28. Kd4 h5 29. Rc6 Rf6 30. Rfc1 Rf7 31. R1c2 Rd7 32. exf5 gxf5 33. Bf1 b4 34. Ba6 Kf6 35. Re2 Rf8 36. Re6+ Kg7 37. Bd3 Rf6 38. Rc1 Rf7 39. Be2 Kf8 40. Rh6 Kg7 41. Rxh5 Rf6 42. Bd3 Kg6 43. Rg5+ Kh6 44. Rxf5 Rg6 45. Rf8 Rg7 46. Rh8+ 1-0

[Event "Maharashtra State-ch U25"]
[Site "Nasik"]
[Date "2018.08.09"]
[Round "2"]
[White "Juare, Deep"]
[Black "Patil, Harshal"]
[Result "0-1"]
[WhiteElo "1331"]
[BlackElo "1788"]
[PlyCount "36"]
[EventDate "2018.08.09"]
[EventType "swiss"]
[EventRounds "9"]
[EventCountry "IND"]
[SourceTitle "CBM 186 Extra"]
[Source "ChessBase"]
[SourceDate "2018.08.24"]
[SourceVersion "1"]
[SourceVersionDate "2018.08.24"]
[SourceQuality "1"]

1. d4 Nf6 2. c4 e6 3. Nc3 Bb4 4. Bg5 c5 5. Bxf6 Qxf6 6. e3 b6 7. Be2 Bb7 8. Nf3 cxd4 9. exd4 0-0 10. 0-0 Bxc3 11. bxc3 d6 12. Qc2 Nd7 13. Rac1 e5 14. d5 Rac8 15. Qa4 Rc7 16. Nd2 Qg6 17. Nb1 Nc5 18. Qxa7 Bxd5 0-1

[Event "Aurangabad MyBrain op 1st"]
[Site "Aurangabad"]
[Date "2018.04.28"]
[Round "2"]
[White "Patil, Harshal"]
[Black "Mithil, Ajgaonkar"]
[Result "0-1"]
[WhiteElo "1372"]
[BlackElo "2278"]
[PlyCount "80"]
[EventDate "2018.04.28"]
[EventType "swiss (rapid)"]
[EventRounds "9"]
[EventCountry "IND"]
[SourceTitle "CBM 184 Extra"]
[Source "ChessBase"]
[SourceDate "2018.06.28"]
[SourceVersion "1"]
[SourceVersionDate "2018.06.28"]
[SourceQuality "1"]

1. e4 c6 2. Nc3 d5 3. Nf3 Bg4 4. h3 Bxf3 5. Qxf3 dxe4 6. Nxe4 e6 7. b3 Nd7 8. Bb2 Ngf6 9. Bd3 Be7 10. g4 Nxe4 11. Qxe4 Bf6 12. Bxf6 Qxf6 13. 0-0 h5 14. Kg2 0-0-0 15. Qe3 hxg4 16. hxg4 Qh4 17. Qg3 Ne5 18. Rh1 Qxg4 19. Qxg4 Nxg4 20. Rae1 Kd7 21. f3 Nf6 22. f4 Rxh1 23. Rxh1 Ke7 24. Kf3 g6 25. b4 Rd4 26. a3 Nd5 27. Rh7 Nxf4 28. Ke3 e5 29. Be4 Rd8 30. c3 Kf6 31. d4 Nd5+ 32. Kd3 exd4 33. cxd4 Nf4+ 34. Ke3 Ne6 35. Rh1 Nxd4 36. Rf1+ Ke7 37. Rb1 Nb5 38. Rb3 Rh8 39. a4 Rh3+ 40. Bf3 Rxf3+ 0-1